Miasta Europy - Statystyki

Ogólne statystyki
  • Ten quiz został rozwiązany 111 razy
  • Średni wynik to 12 z 17
Statystyki odpowiedzi
Hint Odpowiedź % Poprawnych
1mln+ Warszawa
96%
3mln+ Madryt
95%
2mln+ Paryż
94%
3mln+ Berlin
93%
12mln+ Moskwa
91%
8mln+ Londyn
89%
2mln+ Rzym
85%
2mln+ Kijów
83%
15mln+ Stambuł
71%
1mln+ Barcelona
67%
1mln+ Budapeszt
64%
1mln+ Wiedeń
63%
5mln+ Petersburg
56%
1mln+ Bukareszt
54%
1mln+ Sztokholm
50%
1mln+ Hamburg
37%
1mln+ Monarchium
7%
Nie znaleziono quizów pasujących do podanych kryteriów
Rozkład punktacji
Procent ludzi z każdym wynikiem
Percentyl według liczby udzielonych odpowiedzi
Twoja historia wyników
Nie rozwiązałeś tego quizu